Tuyển tập văn học dân tộc và miền núi
Bài giới thiệu văn xuôi dân tộc và miền núi - một mảng văn học đặc sắc. Tuyển tập các tác phẩm viết về miền núi và dân tộc của cả tác giả người kinh, người dân tộc.
Đã lưu trong:
| Formáid: | Leabhar |
|---|---|
| Teanga: | Undetermined |
| Foilsithe: |
Hà Nội
Giáo Dục
1998
|
| Ábhair: | |
| Clibeanna: |
Cuir Clib Leis
Gan Chlibeanna, Bí ar an gcéad duine leis an taifead seo a chlibeáil!
|
| Thư viện lưu trữ: | Trung tâm Học liệu Trường Đại học Cần Thơ |
|---|
| LEADER | 00925nam a2200217Ia 4500 | ||
|---|---|---|---|
| 001 | CTU_31137 | ||
| 008 | 210402s9999 xx 000 0 und d | ||
| 020 | |b 11.200đ | ||
| 020 | |c 11200 | ||
| 082 | |a 895.922 | ||
| 082 | |b T527/T.7 | ||
| 245 | 0 | |a Tuyển tập văn học dân tộc và miền núi | |
| 245 | 0 | |c Nông Quốc Chấn ... [et al.] | |
| 260 | |a Hà Nội | ||
| 260 | |b Giáo Dục | ||
| 260 | |c 1998 | ||
| 520 | |a Bài giới thiệu văn xuôi dân tộc và miền núi - một mảng văn học đặc sắc. Tuyển tập các tác phẩm viết về miền núi và dân tộc của cả tác giả người kinh, người dân tộc. | ||
| 650 | |a Vietnamese literature,Vietnamese poetry | ||
| 650 | |x Collections,Collections | ||
| 904 | |i Minh, Q. Hiếu (sửa) | ||
| 980 | |a Trung tâm Học liệu Trường Đại học Cần Thơ | ||